[Event "CZE-chT1W 2425"]
[Site "Czech Republic"]
[Date "2025.04.06"]
[Round "11.5"]
[White "Trichkov, Vasil"]
[Black "Filipi, Stepan"]
[Result "1-0"]
[WhiteElo "2313"]
[BlackElo "2153"]
[PlyCount "83"]
[EventDate "2024.10.20"]
[EventType "team-tourn"]
[EventRounds "11"]
[EventCountry "CZE"]
[SourceTitle "CB16_2025"]
[SourceDate "2025.04.16"]
[SourceVersion "1"]
[SourceVersionDate "2025.04.16"]
[SourceQuality "1"]
[WhiteTeam "Ricany Kobex"]
[BlackTeam "Vysehrad"]
[WhiteTeamCountry "CZE"]
[BlackTeamCountry "CZE"]

1. d4 Nf6 2. Nf3 e6 3. g3 b5 4. Bg2 Bb7 5. 0-0 c5 6. a4 b4 7. c4 cxd4 8. b3 Bxf3 9. exf3 Nc6 10. f4 Bc5 11. Bb2 0-0 12. Qd3 Rc8 13. Nd2 a5 14. Rad1 Qb6 15. Nf3 d5 16. cxd5 Nxd5 17. Nxd4 Nxd4 18. Bxd4 Bxd4 19. Qxd4 Qxd4 20. Rxd4 Nc3 21. Re1 Rfd8 22. Rxd8+ Rxd8 23. Bf1 Kf8 24. Kg2 g6 25. Bc4 Rd4 26. Re5 Nxa4 27. Rxa5 Nb6 28. Bf1 Ke7 29. Rb5 Nd5 30. Rb7+ Kd6 31. Kf3 f5 32. Bc4 Kc5 33. Rxh7 Rxc4 34. bxc4 Kxc4 35. Ke2 Kc3 36. Kd1 b3 37. Kc1 b2+ 38. Kb1 Nb6 39. Rc7+ Nc4 40. Ka2 Kd3 41. Rc6 e5 42. Rxc4 1-0

[Event "CZE-chT1W 2425"]
[Site "Czech Republic"]
[Date "2025.03.02"]
[Round "9.4"]
[White "Plischki, Sebastian"]
[Black "Trichkov, Vasil"]
[Result "1-0"]
[WhiteElo "2309"]
[BlackElo "2313"]
[PlyCount "53"]
[EventDate "2024.10.20"]
[EventType "team-tourn"]
[EventRounds "11"]
[EventCountry "CZE"]
[SourceTitle "CB16_2025"]
[SourceDate "2025.04.16"]
[SourceVersion "1"]
[SourceVersionDate "2025.04.16"]
[SourceQuality "1"]
[WhiteTeam "Praha Dopravni Podnik"]
[BlackTeam "Ricany Kobex"]
[WhiteTeamCountry "CZE"]
[BlackTeamCountry "CZE"]

1. d4 d5 2. c4 c6 3. Nf3 Nf6 4. e3 Bf5 5. Nc3 e6 6. Nh4 Bg4 7. Qb3 Qb6 8. h3 Bh5 9. g4 Bg6 10. Nxg6 hxg6 11. g5 Ng8 12. c5 Qc7 13. e4 Nd7 14. exd5 exd5 15. Ne2 Rh4 16. Qg3 Qxg3 17. fxg3 Rh8 18. Bg2 Be7 19. 0-0 b6 20. b4 a5 21. b5 Rc8 22. bxc6 Rxc6 23. Nc3 bxc5 24. Bxd5 Rd6 25. Bxf7+ Kd8 26. dxc5 Nxc5 27. Ba3 1-0

[Event "WchT Seniors 50"]
[Site "Prague"]
[Date "2025.02.21"]
[Round "5.4"]
[White "Trichkov, Vasil"]
[Black "Rachels, Stuart"]
[Result "1/2-1/2"]
[WhiteElo "2301"]
[BlackElo "2466"]
[PlyCount "96"]
[EventDate "2025.02.17"]
[EventType "team-swiss"]
[EventRounds "9"]
[EventCountry "CZE"]
[SourceTitle "CB09_2025"]
[SourceDate "2025.02.27"]
[SourceVersion "1"]
[SourceVersionDate "2025.02.27"]
[SourceQuality "1"]
[WhiteTeam "Czech Republic 50"]
[BlackTeam "USA 50"]
[WhiteTeamCountry "CZE"]
[BlackTeamCountry "USA"]

1. d4 d5 2. Nf3 Nf6 3. c4 dxc4 4. e3 e6 5. Bxc4 a6 6. 0-0 b5 7. Bb3 Bb7 8. Qe2 c5 9. Rd1 Nbd7 10. a4 Be7 11. dxc5 b4 12. Bc4 Qc7 13. Nbd2 0-0 14. b3 Nd5 15. Bb2 Nc3 16. Bxc3 bxc3 17. Nf1 Nxc5 18. Rac1 Ne4 19. Ne1 Bf6 20. Nc2 Rfc8 21. Nd4 Qa5 22. Qc2 Bd5 23. f3 Bxc4 24. bxc4 Nc5 25. Qxc3 Qxc3 26. Rxc3 Nxa4 27. Rc2 Rab8 28. Nd2 Nc5 29. Ra1 Rb6 30. Ra3 Be7 31. Ra1 g5 32. Kf1 f5 33. Ke2 Kf7 34. Rb1 Rcb8 35. Rcc1 Rb2 36. Rxb2 Rxb2 37. Rc2 Rb6 38. Rc1 Ke8 39. Rb1 Rxb1 40. Nxb1 Kd7 41. Nd2 Bd8 42. g4 fxg4 43. fxg4 a5 44. N2b3 Bb6 45. Nxc5+ Bxc5 46. Nb3 Bb4 47. Nc1 a4 48. Kd1 Bd6 1/2-1/2

[Event "CZE-chT1W 2425"]
[Site "Czech Republic"]
[Date "2025.01.05"]
[Round "5.5"]
[White "Sorm, Daniel"]
[Black "Trichkov, Vasil"]
[Result "1-0"]
[WhiteElo "2266"]
[BlackElo "2313"]
[PlyCount "107"]
[EventDate "2024.10.20"]
[EventType "team-tourn"]
[EventRounds "11"]
[EventCountry "CZE"]
[SourceTitle "CB16_2025"]
[SourceDate "2025.04.16"]
[SourceVersion "1"]
[SourceVersionDate "2025.04.16"]
[SourceQuality "1"]
[WhiteTeam "Turnov Zikuda II"]
[BlackTeam "Ricany Kobex"]
[WhiteTeamCountry "CZE"]
[BlackTeamCountry "CZE"]

1. d4 d5 2. c4 c6 3. Nf3 Nf6 4. Nc3 dxc4 5. e4 b5 6. Be2 b4 7. Na4 Nxe4 8. Bxc4 Nd6 9. Bb3 e6 10. Bg5 Be7 11. Bxe7 Qxe7 12. Qd2 Ne4 13. Qc2 Nf6 14. 0-0 0-0 15. Ne5 Qd6 16. Rfd1 Nbd7 17. Qxc6 Qxc6 18. Nxc6 Bb7 19. Nxb4 a5 20. Nd3 Bd5 21. Bxd5 Nxd5 22. Rac1 Rfd8 23. Kf1 Rab8 24. b3 N7b6 25. Nxb6 Rxb6 26. Rc5 Ra6 27. Rdc1 Raa8 28. Ne5 a4 29. Nc6 Rd6 30. b4 Kf8 31. Ra5 Rc8 32. b5 Nb4 33. Rxa4 Nxc6 34. Rac4 Ke7 35. Rxc6 Rcxc6 36. bxc6 Kd8 37. c7+ Kc8 38. Rc4 Rb6 39. a4 Rb2 40. g4 g5 41. Kg2 Ra2 42. Kf3 h6 43. Ke3 Rb2 44. a5 Ra2 45. Rc5 Ra1 46. Ke4 Ra2 47. Ke5 Rxf2 48. Kd6 Rf4 49. Rc4 e5 50. Kxe5 Rxg4 51. a6 Rg2 52. Ra4 Kxc7 53. a7 Re2+ 54. Kd5 1-0

[Event "CZE-chT1W 2425"]
[Site "Czech Republic"]
[Date "2024.12.08"]
[Round "4.5"]
[White "Trichkov, Vasil"]
[Black "Postupa, Pavel1"]
[Result "1-0"]
[WhiteElo "2313"]
[BlackElo "2168"]
[PlyCount "89"]
[EventDate "2024.10.20"]
[EventType "team-tourn"]
[EventRounds "11"]
[EventCountry "CZE"]
[SourceTitle "CB16_2025"]
[SourceDate "2025.04.16"]
[SourceVersion "1"]
[SourceVersionDate "2025.04.16"]
[SourceQuality "1"]
[WhiteTeam "Ricany Kobex"]
[BlackTeam "Pankrac"]
[WhiteTeamCountry "CZE"]
[BlackTeamCountry "CZE"]

1. d4 Nf6 2. Nf3 g6 3. c4 Bg7 4. g3 0-0 5. Bg2 d5 6. 0-0 dxc4 7. Na3 c3 8. bxc3 c5 9. Ne5 Nc6 10. Nxc6 bxc6 11. Qa4 Bd7 12. dxc5 Qc7 13. Bf4 e5 14. Bg5 Nd5 15. Rac1 e4 16. Qxe4 Nxc3 17. Qd3 Nxa2 18. Rb1 Nc3 19. Bf4 Qa5 20. Nc4 Qa6 21. Rb3 Bf5 22. e4 Rfd8 23. Bd6 Be6 24. Rxc3 Bxc3 25. Qxc3 Qxc4 26. Qf6 Rxd6 27. cxd6 Bd7 28. Qb2 Qb5 29. Qa1 a5 30. e5 Rb8 31. Rc1 a4 32. h3 Rb6 33. Bf1 Qa5 34. Bc4 a3 35. e6 fxe6 36. Qf6 Rb8 37. Bxe6+ Bxe6 38. Qxe6+ Kg7 39. Qe7+ Kg8 40. d7 Rf8 41. Rd1 a2 42. Qxf8+ Kxf8 43. d8Q+ Qxd8 44. Rxd8+ Ke7 45. Ra8 1-0

[Event "CZE-chT1W 2324"]
[Site "Czech Republic"]
[Date "2023.11.12"]
[Round "2.3"]
[White "Trichkov, Vasil"]
[Black "Hrabusa, Matej"]
[Result "1/2-1/2"]
[WhiteElo "2324"]
[BlackElo "2347"]
[PlyCount "56"]
[EventDate "2023.10.29"]
[EventType "team-tourn"]
[EventRounds "11"]
[EventCountry "CZE"]
[SourceTitle "EXT 2025"]
[Source "ChessBase"]
[SourceDate "2024.10.14"]
[SourceVersion "1"]
[SourceVersionDate "2024.10.14"]
[SourceQuality "1"]
[WhiteTeam "Praha Bohemians"]
[BlackTeam "Praha DP EA Hotels"]
[WhiteTeamCountry "CZE"]
[BlackTeamCountry "CZE"]

1. d4 d5 2. Nf3 Nf6 3. c4 c6 4. Nc3 e6 5. Qc2 dxc4 6. e4 b5 7. a4 Qb6 8. Be2 Bb7 9. 0-0 Be7 10. Be3 a6 11. d5 c5 12. dxe6 fxe6 13. axb5 axb5 14. Rxa8 Bxa8 15. Ng5 Nbd7 16. Nxb5 Qxb5 17. Nxe6 Qc6 18. Bxc4 Qxe4 19. Nxg7+ Kd8 20. Ne6+ Kc8 21. Qxe4 Bxe4 22. Rc1 Rg8 23. Bf1 Nd5 24. Nxc5 Bxc5 25. Bxc5 Kb7 26. Bd6 Rg6 27. Bg3 Rb6 28. f3 Bf5 1/2-1/2

[Event "CZE-chT1W 2223"]
[Site "Czech Republic"]
[Date "2023.03.19"]
[Round "10.3"]
[White "Trichkov, Vasil"]
[Black "Husarik, Branko"]
[Result "1/2-1/2"]
[WhiteElo "2320"]
[BlackElo "2122"]
[PlyCount "120"]
[EventDate "2022.10.09"]
[EventType "team-tourn"]
[EventRounds "11"]
[EventCountry "CZE"]
[SourceTitle "EXT 2024"]
[Source "ChessBase"]
[SourceDate "2023.10.10"]
[SourceVersion "1"]
[SourceVersionDate "2023.10.10"]
[SourceQuality "1"]
[WhiteTeam "Neratovice"]
[BlackTeam "Lysa nad Labem II"]
[WhiteTeamCountry "CZE"]
[BlackTeamCountry "CZE"]

1. d4 e5 2. dxe5 d6 3. Nf3 Nc6 4. Bg5 Qd7 5. exd6 Bxd6 6. Nc3 f6 7. Bd2 Qe7 8. e3 Bg4 9. h3 Bh5 10. Bb5 Kf8 11. Bxc6 bxc6 12. g4 Bg6 13. Nd4 h5 14. Qf3 Re8 15. Nxc6 Qd7 16. 0-0-0 Be4 17. Nxe4 Qxc6 18. Ng5 Qa4 19. Kb1 Re5 20. Qa8+ Re8 21. Ne6+ Ke7 22. Qd5 c6 23. Nc5 Qxc2+ 24. Kxc2 cxd5 25. Nd3 Ke6 26. Bb4 Rc8+ 27. Kb1 Bxb4 28. Nxb4 Ne7 29. Nd3 g5 30. f4 hxg4 31. hxg4 gxf4 32. Nxf4+ Ke5 33. Rhf1 Rh2 34. Nd3+ Ke6 35. Rc1 Rg8 36. Nc5+ Kf7 37. Nd7 f5 38. gxf5 Rgg2 39. Ne5+ Kf6 40. Nd3 Rd2 41. Rcd1 Nxf5 42. Rxd2 Rxd2 43. Nb4 Ke6 44. Kc1 Re2 45. Nxd5 Nxe3 46. Nxe3 Rxe3 47. Rd1 Re5 48. Kc2 Re3 49. Rd8 Rh3 50. b4 Rg3 51. Kb2 a5 52. b5 a4 53. b6 a3+ 54. Kc2 Rg2+ 55. Kb3 Rb2+ 56. Kxa3 Rxb6 57. Ka4 Rd6 58. Rh8 Ra6+ 59. Kb3 Kd7 60. Rh7+ Kc8 1/2-1/2

[Event "CZE-chT2B 2223"]
[Site "Czech Republic"]
[Date "2023.03.05"]
[Round "10.1"]
[White "Dolezal, Radoslav"]
[Black "Trichkov, Vasil"]
[Result "1/2-1/2"]
[WhiteElo "2365"]
[BlackElo "2320"]
[PlyCount "21"]
[EventDate "2022.10.16"]
[EventType "team-tourn"]
[EventRounds "11"]
[EventCountry "CZE"]
[SourceTitle "EXT 2024"]
[Source "ChessBase"]
[SourceDate "2023.10.10"]
[SourceVersion "1"]
[SourceVersionDate "2023.10.10"]
[SourceQuality "1"]
[WhiteTeam "Pankrac II"]
[BlackTeam "Bohemians"]
[WhiteTeamCountry "CZE"]
[BlackTeamCountry "CZE"]

1. d4 d5 2. c4 c6 3. cxd5 cxd5 4. Nc3 Nf6 5. Nf3 Nc6 6. Bf4 Bf5 7. e3 e6 8. Bd3 Bxd3 9. Qxd3 Bd6 10. Bxd6 Qxd6 11. 0-0 1/2-1/2

[Event "EU-ch Cities&Town op"]
[Site "Tornelo INT"]
[Date "2023.01.29"]
[Round "?"]
[White "Mastrovasilis, Athanasios"]
[Black "Trichkov, Vasil"]
[Result "1/2-1/2"]
[WhiteElo "2520"]
[BlackElo "2329"]
[PlyCount "86"]
[EventDate "2023.01.29"]
[EventType "team-swiss"]
[EventRounds "9"]
[EventCountry "NET"]
[SourceTitle "CBM 212 Extra"]
[Source "ChessBase"]
[SourceDate "2023.03.31"]
[SourceVersion "1"]
[SourceVersionDate "2023.03.31"]
[SourceQuality "1"]
[WhiteTeam "Thessaloniki"]
[BlackTeam "Praha Seniors"]
[WhiteTeamCountry "GRE"]
[BlackTeamCountry "CZE"]

1. d4 d5 2. c4 c6 3. cxd5 cxd5 4. Bf4 Nf6 5. e3 Nc6 6. Bb5 Bd7 7. Nf3 e6 8. Nc3 Bb4 9. 0-0 Qa5 10. Bd3 0-0 11. Nb5 Rfc8 12. a3 Bf8 13. Nd6 Bxd6 14. Bxd6 Ne4 15. Bf4 Ne7 16. Ng5 Nxg5 17. Bxg5 Ng6 18. h4 f6 19. h5 Nf8 20. Bh4 Bb5 21. Bxb5 Qxb5 22. Qg4 Kf7 23. h6 g6 24. Qf4 Nd7 25. g4 g5 26. Bxg5 Rg8 27. Bh4 Rxg4+ 28. Qxg4 Rg8 29. Qxg8+ Kxg8 30. Rac1 Kf7 31. Rc7 Kg6 32. b3 Nf8 33. Rg7+ Kxh6 34. Rg3 Nd7 35. Kg2 Qd3 36. Rh1 Qe4+ 37. Kg1 Qb1+ 38. Kh2 Qc2 39. Rg2 Qe4 40. Kg1 Qb1+ 41. Kh2 Qe4 42. Kg1 Qb1+ 43. Kh2 Qe4 1/2-1/2

[Event "EU-ch Cities&Town op"]
[Site "Tornelo INT"]
[Date "2023.01.29"]
[Round "?"]
[White "Nastase, Andreea Cristina"]
[Black "Trichkov, Vasil"]
[Result "0-1"]
[WhiteElo "2046"]
[BlackElo "2329"]
[PlyCount "70"]
[EventDate "2023.01.29"]
[EventType "team-swiss"]
[EventRounds "9"]
[EventCountry "NET"]
[SourceTitle "CBM 212 Extra"]
[Source "ChessBase"]
[SourceDate "2023.03.31"]
[SourceVersion "1"]
[SourceVersionDate "2023.03.31"]
[SourceQuality "1"]
[WhiteTeam "Snagov"]
[BlackTeam "Praha Seniors"]
[WhiteTeamCountry "ROU"]
[BlackTeamCountry "CZE"]

1. d4 d5 2. c4 c6 3. Nf3 Nf6 4. Nc3 dxc4 5. a4 Bf5 6. e3 e6 7. Bxc4 Bb4 8. 0-0 0-0 9. Na2 Bd6 10. b4 Nbd7 11. Qb3 Be4 12. Nd2 Bd5 13. Bxd5 exd5 14. Nf3 a6 15. b5 Qe7 16. Bd2 c5 17. dxc5 Nxc5 18. Qd1 axb5 19. axb5 Qd7 20. Nc3 Nce4 21. Nxe4 dxe4 22. Nd4 Ng4 23. h3 Ne5 24. Qh5 g6 25. Qe2 Rfc8 26. f3 Rxa1 27. Rxa1 exf3 28. Nxf3 Nc4 29. Bc3 Qxb5 30. Rf1 Qd5 31. e4 Qc5+ 32. Bd4 Qb5 33. Kh1 Bc5 34. Bc3 Nd6 35. e5 Qxe2 0-1

[Event "EU-ch Cities&Town op"]
[Site "Tornelo INT"]
[Date "2023.01.29"]
[Round "?"]
[White "Trichkov, Vasil"]
[Black "Klokas, Konstantinos"]
[Result "1/2-1/2"]
[WhiteElo "2329"]
[BlackElo "2069"]
[PlyCount "96"]
[EventDate "2023.01.29"]
[EventType "team-swiss"]
[EventRounds "9"]
[EventCountry "NET"]
[SourceTitle "CBM 212 Extra"]
[Source "ChessBase"]
[SourceDate "2023.03.31"]
[SourceVersion "1"]
[SourceVersionDate "2023.03.31"]
[SourceQuality "1"]
[WhiteTeam "Praha Seniors"]
[BlackTeam "Heraklion"]
[WhiteTeamCountry "CZE"]
[BlackTeamCountry "GRE"]

1. d4 f5 2. Nf3 Nf6 3. g3 g6 4. Bg2 Bg7 5. 0-0 0-0 6. c4 d6 7. Qb3 c6 8. d5 e5 9. dxe6 Qe7 10. Bf4 Na6 11. Rd1 Ne4 12. Nc3 Nac5 13. Qa3 Rd8 14. Nxe4 Nxe4 15. Nd4 Bxe6 16. Nxe6 Qxe6 17. Rac1 d5 18. f3 Nf6 19. Bg5 Bf8 20. Qb3 dxc4 21. Qc2 Rxd1+ 22. Rxd1 Re8 23. e4 fxe4 24. Bxf6 Qxf6 25. Qxc4+ Qf7 26. Qxf7+ Kxf7 27. fxe4 Ke6 28. Kf2 Bc5+ 29. Ke2 Ke5 30. Rd7 Re7 31. Rd8 Rf7 32. Bf3 a5 33. b3 b5 34. Rc8 Kd6 35. e5+ Kxe5 36. Rxc6 Kd4 37. Re6 Re7 38. Rxe7 Bxe7 39. Bc6 b4 40. h4 Kc3 41. Kf3 Kb2 42. Kg4 Kxa2 43. Ba4 Kb2 44. h5 Bd6 45. hxg6 hxg6 46. Kg5 Bxg3 47. Kxg6 Be5 48. Kf5 Bc3 1/2-1/2

[Event "EU-ch Cities&Town op"]
[Site "Tornelo INT"]
[Date "2023.01.29"]
[Round "?"]
[White "Trichkov, Vasil"]
[Black "Paryokha, Serhiy"]
[Result "1-0"]
[WhiteElo "2329"]
[BlackElo "2294"]
[PlyCount "87"]
[EventDate "2023.01.29"]
[EventType "team-swiss"]
[EventRounds "9"]
[EventCountry "NET"]
[SourceTitle "CBM 212 Extra"]
[Source "ChessBase"]
[SourceDate "2023.03.31"]
[SourceVersion "1"]
[SourceVersionDate "2023.03.31"]
[SourceQuality "1"]
[WhiteTeam "Praha Seniors"]
[BlackTeam "Kiev Region"]
[WhiteTeamCountry "CZE"]
[BlackTeamCountry "UKR"]

1. d4 Nf6 2. Nf3 e6 3. g3 c5 4. Bg2 cxd4 5. 0-0 Nc6 6. Nxd4 Be7 7. c4 0-0 8. Nc3 a6 9. b3 Qc7 10. e4 d6 11. Be3 Ne5 12. h3 Bd7 13. Rc1 Rfd8 14. Qd2 Rac8 15. Rfd1 Be8 16. f4 Ng6 17. f5 Nf8 18. g4 e5 19. Nde2 Bc6 20. b4 b6 21. Ng3 h6 22. Qf2 Rb8 23. b5 Ba8 24. bxa6 Qa7 25. Bf1 Qxa6 26. c5 b5 27. cxd6 Rxd6 28. Rxd6 Qxd6 29. Nxb5 Qb4 30. Nc3 Nxe4 31. Ncxe4 Bxe4 32. Rc4 Qxc4 33. Bxc4 Rb1+ 34. Kh2 Bh4 35. Nxe4 Bxf2 36. Bxf2 Nd7 37. Nd6 Rb2 38. Kg1 e4 39. Nxf7 Kf8 40. Bd4 Rd2 41. Be3 Rc2 42. Bb3 Re2 43. Ba7 Ke7 44. Nh8 1-0

[Event "CZE-chT2B 2223"]
[Site "Czech Republic"]
[Date "2023.01.22"]
[Round "7.2"]
[White "Cap, Adam"]
[Black "Trichkov, Vasil"]
[Result "1/2-1/2"]
[WhiteElo "2269"]
[BlackElo "2329"]
[PlyCount "80"]
[EventDate "2022.10.16"]
[EventType "team-tourn"]
[EventRounds "11"]
[EventCountry "CZE"]
[SourceTitle "EXT 2024"]
[Source "ChessBase"]
[SourceDate "2023.10.10"]
[SourceVersion "1"]
[SourceVersionDate "2023.10.10"]
[SourceQuality "1"]
[WhiteTeam "Kladno"]
[BlackTeam "Bohemians"]
[WhiteTeamCountry "CZE"]
[BlackTeamCountry "CZE"]

1. e4 c5 2. Nc3 Nc6 3. f4 g6 4. Nf3 Bg7 5. Bb5 Nd4 6. 0-0 Nxb5 7. Nxb5 Nf6 8. d3 0-0 9. Qe1 d5 10. f5 dxe4 11. dxe4 gxf5 12. e5 Ne4 13. Qh4 e6 14. Qh5 Bd7 15. Nc3 Nxc3 16. bxc3 f6 17. Bf4 Qe8 18. Qh3 Bc6 19. Rae1 Bd5 20. exf6 Rxf6 21. Ne5 Rc8 22. Re3 Kh8 23. c4 Be4 24. Qh4 Rc7 25. Rh3 Rh6 26. Bxh6 Bxe5 27. Bf4 Bd4+ 28. Kh1 Rg7 29. Rg3 Qe7 30. Bg5 Qf7 31. Bh6 Rxg3 32. hxg3 Qg6 33. Bg5 Bxc2 34. g4 Be4 35. gxf5 exf5 36. Qg3 Kg7 37. Qc7+ Kg8 38. Qd8+ Kg7 39. Qc7+ Kg8 40. Qd8+ Kg7 1/2-1/2

[Event "CZE-chT1W 2223"]
[Site "Czech Republic"]
[Date "2023.01.15"]
[Round "6.1"]
[White "Dolezal, Radoslav"]
[Black "Trichkov, Vasil"]
[Result "1/2-1/2"]
[WhiteElo "2365"]
[BlackElo "2320"]
[PlyCount "21"]
[EventDate "2022.10.09"]
[EventType "team-tourn"]
[EventRounds "11"]
[EventCountry "CZE"]
[SourceTitle "CBM 213 Extra"]
[Source "ChessBase"]
[SourceDate "2023.05.31"]
[SourceVersion "1"]
[SourceVersionDate "2023.05.31"]
[SourceQuality "1"]
[WhiteTeam "Pankrac"]
[BlackTeam "Neratovice"]
[WhiteTeamCountry "CZE"]
[BlackTeamCountry "CZE"]

1. d4 d5 2. Nf3 Nf6 3. c4 c6 4. cxd5 cxd5 5. Nc3 Nc6 6. Bf4 Bf5 7. e3 e6 8. Bd3 Bxd3 9. Qxd3 Bd6 10. Bxd6 Qxd6 11. 0-0 1/2-1/2

[Event "CZE-chT2B 2223"]
[Site "Czech Republic"]
[Date "2022.12.18"]
[Round "5.2"]
[White "Trichkov, Vasil"]
[Black "Movsesian, Julia"]
[Result "1/2-1/2"]
[WhiteElo "2327"]
[BlackElo "2262"]
[PlyCount "24"]
[EventDate "2022.10.16"]
[EventType "team-tourn"]
[EventRounds "11"]
[EventCountry "CZE"]
[SourceTitle "EXT 2024"]
[Source "ChessBase"]
[SourceDate "2023.10.10"]
[SourceVersion "1"]
[SourceVersionDate "2023.10.10"]
[SourceQuality "1"]
[WhiteTeam "Bohemians"]
[BlackTeam "Aurora"]
[WhiteTeamCountry "CZE"]
[BlackTeamCountry "CZE"]

1. d4 d5 2. Nf3 e6 3. g3 b6 4. Bg2 Bb7 5. 0-0 Nd7 6. c4 dxc4 7. Qa4 Ngf6 8. Nc3 a6 9. Qxc4 b5 10. Qb3 c5 11. Be3 Nd5 12. Bg5 Qb6 1/2-1/2

[Event "CZE-chT1W 2223"]
[Site "Czech Republic"]
[Date "2022.10.09"]
[Round "1.4"]
[White "Stocek, Martin"]
[Black "Trichkov, Vasil"]
[Result "1-0"]
[WhiteElo "1945"]
[BlackElo "2320"]
[PlyCount "89"]
[EventDate "2022.10.09"]
[EventType "team-tourn"]
[EventRounds "11"]
[EventCountry "CZE"]
[SourceTitle "CBM 210 Extra"]
[Source "ChessBase"]
[SourceDate "2022.11.30"]
[SourceVersion "1"]
[SourceVersionDate "2022.11.30"]
[SourceQuality "1"]
[WhiteTeam "Polabiny III"]
[BlackTeam "Neratovice"]
[WhiteTeamCountry "CZE"]
[BlackTeamCountry "CZE"]

1. d4 d5 2. c4 c6 3. cxd5 cxd5 4. Nf3 Nf6 5. Nc3 Nc6 6. Bf4 Bg4 7. e3 Qb6 8. Qc2 Bxf3 9. gxf3 e6 10. a3 Be7 11. Bd3 Nh5 12. Bg3 f5 13. Ne2 0-0 14. 0-0 Rac8 15. Qd2 Na5 16. Rab1 Nb3 17. Qd1 f4 18. Bxf4 Nxf4 19. exf4 Bf6 20. f5 exf5 21. Bxf5 Rcd8 22. Bc2 Nxd4 23. Nxd4 Bxd4 24. Qd3 g6 25. b4 Qf6 26. Rfd1 Be5 27. Bb3 Qg5+ 28. Kf1 Bxh2 29. Bxd5+ Kh8 30. Qd4+ Rf6 31. Qg4 Rxd5 32. Qc8+ Kg7 33. Qxb7+ Rf7 34. Qxd5 Be5 35. Re1 Rf5 36. Qb7+ Kh6 37. Re4 Qh5 38. Rg4 Bd4 39. Qe4 Qh1+ 40. Ke2 Qh5 41. Rh4 Re5 42. Rxh5+ gxh5 43. a4 h4 44. a5 Kg5 45. f4+ 1-0

[Event "CZE-chT2C 2122"]
[Site "Czech Republic"]
[Date "2022.01.30"]
[Round "7.2"]
[White "Trichkov, Vasil"]
[Black "Kucera, Petr3"]
[Result "1-0"]
[WhiteElo "2313"]
[BlackElo "2259"]
[PlyCount "123"]
[EventDate "2021.10.17"]
[EventType "team-tourn"]
[EventRounds "11"]
[EventCountry "CZE"]
[SourceTitle "EXT 2025"]
[Source "ChessBase"]
[SourceDate "2024.10.14"]
[SourceVersion "1"]
[SourceVersionDate "2024.10.14"]
[SourceQuality "1"]
[WhiteTeam "Praha Bohemians"]
[BlackTeam "Turnov Zikuda II"]
[WhiteTeamCountry "CZE"]
[BlackTeamCountry "CZE"]

1. d4 Nf6 2. Nf3 d5 3. c4 c6 4. Nc3 dxc4 5. a4 Bf5 6. e3 e6 7. Bxc4 Bb4 8. 0-0 Nbd7 9. Qe2 0-0 10. e4 Bg6 11. Bd3 Bh5 12. e5 Nd5 13. Bd2 Nxc3 14. bxc3 Be7 15. Rfb1 Rb8 16. Be4 Bg6 17. Bxg6 hxg6 18. c4 Re8 19. a5 Qc7 20. Qe4 c5 21. d5 exd5 22. cxd5 Bf6 23. e6 fxe6 24. dxe6 Bxa1 25. Bf4 Nf6 26. Qa4 Qe7 27. Bxb8 Rxb8 28. Rxa1 Qxe6 29. Re1 Qf7 30. Ne5 Qe6 31. Nf3 Qf7 32. Qc2 Re8 33. Rxe8+ Qxe8 34. Qxc5 a6 35. Qc4+ Qf7 36. Qc8+ Qe8 37. Qxb7 Qe2 38. Qb3+ Kf8 39. Qb8+ Kf7 40. Qb7+ Kg8 41. Qc8+ Kf7 42. Ng5+ Ke7 43. Qc5+ Kd7 44. Qd4+ Kc6 45. Nf3 Kb5 46. Qd8 Ka4 47. h3 Ne4 48. Kh2 Nxf2 49. Qd4+ Kxa5 50. Qxg7 Qc2 51. Qa1+ Kb6 52. Qd4+ Ka5 53. Ne5 Kb5 54. Qd7+ Kb4 55. Qb7+ Kc3 56. Qxa6 Kd4 57. Qd6+ Ke3 58. Qxg6 Qc7 59. Qg3+ Ke2 60. Qf3+ Kf1 61. Qf4 Qb8 62. Nd3 1-0

[Event "CZE-chT2C 2122"]
[Site "Czech Republic"]
[Date "2021.12.19"]
[Round "5.2"]
[White "Trichkov, Vasil"]
[Black "Horak, Otakar"]
[Result "1-0"]
[WhiteElo "2313"]
[BlackElo "2078"]
[PlyCount "61"]
[EventDate "2021.10.17"]
[EventType "team-tourn"]
[EventRounds "11"]
[EventCountry "CZE"]
[SourceTitle "EXT 2025"]
[Source "ChessBase"]
[SourceDate "2024.10.14"]
[SourceVersion "1"]
[SourceVersionDate "2024.10.14"]
[SourceQuality "1"]
[WhiteTeam "Praha Bohemians"]
[BlackTeam "Mlada Boleslav"]
[WhiteTeamCountry "CZE"]
[BlackTeamCountry "CZE"]

1. d4 Nf6 2. Nf3 e6 3. g3 d5 4. Bg2 Be7 5. c4 c6 6. 0-0 0-0 7. b3 b6 8. Qc2 Bb7 9. Nc3 Nbd7 10. Rd1 Rc8 11. e4 dxe4 12. Nxe4 Nxe4 13. Qxe4 Re8 14. Be3 Ba8 15. Qc2 h6 16. Rac1 Ba3 17. Rb1 Qe7 18. c5 a5 19. cxb6 Nxb6 20. Bd2 Qa7 21. b4 axb4 22. Bxb4 Nd5 23. Bc5 Bxc5 24. dxc5 Rb8 25. Rb3 Rxb3 26. axb3 Bb7 27. Nd4 Ra8 28. Bxd5 exd5 29. Kg2 Qa5 30. Nf5 Re8 31. b4 1-0

[Event "CZE-chT1W 2122"]
[Site "Czech Republic"]
[Date "2021.11.28"]
[Round "4.5"]
[White "Vichnar, David"]
[Black "Trichkov, Vasil"]
[Result "0-1"]
[WhiteElo "2363"]
[BlackElo "2313"]
[PlyCount "70"]
[EventDate "2021.10.10"]
[EventType "team-tourn"]
[EventRounds "11"]
[EventCountry "CZE"]
[SourceTitle "EXT 2023"]
[Source "ChessBase"]
[SourceDate "2022.10.05"]
[SourceVersion "1"]
[SourceVersionDate "2022.10.05"]
[SourceQuality "1"]
[WhiteTeam "Vysehrad SK Sokol"]
[BlackTeam "Neratovice"]
[WhiteTeamCountry "CZE"]
[BlackTeamCountry "CZE"]

1. d4 d5 2. c4 c6 3. Nf3 Nf6 4. e3 Bf5 5. Nc3 e6 6. Nh4 Bg4 7. Qb3 Qb6 8. h3 Bh5 9. g4 Bg6 10. Nxg6 hxg6 11. g5 Ng8 12. e4 dxe4 13. Nxe4 Bb4+ 14. Bd2 Bxd2+ 15. Nxd2 Ne7 16. 0-0-0 Na6 17. Ne4 Qxb3 18. axb3 Rd8 19. Bg2 Nf5 20. Nc5 Nxc5 21. dxc5 Ke7 22. b4 Rh4 23. b3 Rf4 24. Rxd8 Kxd8 25. Rd1+ Kc7 26. Rd2 Nh4 27. Bh1 Nf3 28. Ra2 a6 29. b5 axb5 30. cxb5 cxb5 31. Kd1 Nxg5 32. Ke1 Nf3+ 33. Ke2 Nd4+ 34. Ke3 g5 35. b4 Nc6 0-1